<?xml version="1.0" encoding="UTF-8"?>
<record
    xmlns:xsi="http://www.w3.org/2001/XMLSchema-instance"
    xsi:schemaLocation="http://www.loc.gov/MARC21/slim http://www.loc.gov/standards/marcxml/schema/MARC21slim.xsd"
    xmlns="http://www.loc.gov/MARC21/slim">

  <leader>00403nam a2200169   4500</leader>
  <controlfield tag="005">20260211120655.0</controlfield>
  <controlfield tag="008">cuc123</controlfield>
  <datafield tag="020" ind1=" " ind2=" ">
    <subfield code="a">9780749420284</subfield>
  </datafield>
  <datafield tag="050" ind1=" " ind2=" ">
    <subfield code="a">HF 5549 ARM</subfield>
    <subfield code="b">1</subfield>
  </datafield>
  <datafield tag="100" ind1=" " ind2=" ">
    <subfield code="a">ARMSTRONG, Michaeol</subfield>
  </datafield>
  <datafield tag="245" ind1=" " ind2=" ">
    <subfield code="a">A Handbook of personnel management practice</subfield>
  </datafield>
  <datafield tag="250" ind1=" " ind2=" ">
    <subfield code="a">6th</subfield>
  </datafield>
  <datafield tag="260" ind1=" " ind2=" ">
    <subfield code="a">London</subfield>
    <subfield code="b">Kogan Page</subfield>
    <subfield code="c">1996</subfield>
  </datafield>
  <datafield tag="300" ind1=" " ind2=" ">
    <subfield code="a">959p</subfield>
  </datafield>
  <datafield tag="500" ind1=" " ind2=" ">
    <subfield code="a">index, author index</subfield>
  </datafield>
  <datafield tag="942" ind1=" " ind2=" ">
    <subfield code="2">lcc</subfield>
    <subfield code="c">BK</subfield>
    <subfield code="n">0</subfield>
  </datafield>
  <datafield tag="999" ind1=" " ind2=" ">
    <subfield code="c">8675</subfield>
    <subfield code="d">8675</subfield>
  </datafield>
  <datafield tag="952" ind1=" " ind2=" ">
    <subfield code="0">0</subfield>
    <subfield code="1">0</subfield>
    <subfield code="2">lcc</subfield>
    <subfield code="4">0</subfield>
    <subfield code="7">0</subfield>
    <subfield code="8">NFIC</subfield>
    <subfield code="a">CTGL</subfield>
    <subfield code="b">CTGL</subfield>
    <subfield code="c">GEN</subfield>
    <subfield code="d">2026-02-11</subfield>
    <subfield code="l">0</subfield>
    <subfield code="o">HF 5549 ARM</subfield>
    <subfield code="p">GSCT00002317</subfield>
    <subfield code="r">2026-02-11 12:09:11</subfield>
    <subfield code="t">1</subfield>
    <subfield code="w">2026-02-11</subfield>
    <subfield code="y">BK</subfield>
    <subfield code="z">EAQ</subfield>
  </datafield>
  <datafield tag="952" ind1=" " ind2=" ">
    <subfield code="0">0</subfield>
    <subfield code="1">0</subfield>
    <subfield code="2">lcc</subfield>
    <subfield code="4">0</subfield>
    <subfield code="7">0</subfield>
    <subfield code="8">NFIC</subfield>
    <subfield code="a">CTGL</subfield>
    <subfield code="b">CTGL</subfield>
    <subfield code="c">GEN</subfield>
    <subfield code="d">2026-02-11</subfield>
    <subfield code="l">0</subfield>
    <subfield code="o">HF 5549 ARM</subfield>
    <subfield code="p">GSCT00002318</subfield>
    <subfield code="r">2026-02-11 12:09:11</subfield>
    <subfield code="t">2</subfield>
    <subfield code="w">2026-02-11</subfield>
    <subfield code="y">BK</subfield>
    <subfield code="z">EAQ</subfield>
  </datafield>
  <datafield tag="952" ind1=" " ind2=" ">
    <subfield code="0">0</subfield>
    <subfield code="1">0</subfield>
    <subfield code="2">lcc</subfield>
    <subfield code="4">0</subfield>
    <subfield code="7">0</subfield>
    <subfield code="8">NFIC</subfield>
    <subfield code="a">CTGL</subfield>
    <subfield code="b">CTGL</subfield>
    <subfield code="c">GEN</subfield>
    <subfield code="d">2026-02-11</subfield>
    <subfield code="l">0</subfield>
    <subfield code="o">HF 5549 ARM</subfield>
    <subfield code="p">GSCT00002319</subfield>
    <subfield code="r">2026-02-11 12:09:11</subfield>
    <subfield code="t">3</subfield>
    <subfield code="w">2026-02-11</subfield>
    <subfield code="y">BK</subfield>
    <subfield code="z">EAQ</subfield>
  </datafield>
</record>
